5HLuxD.jpg

KING HENRY VIII SENIOR AND PRIMARY SCHOOL LIBRARY OPAC

Mr Tripp smells a rat / (Record no. 1687)

000 -LEADER
fixed length control field 01331cam a2200349 4500
001 - CONTROL NUMBER
control field 1617610
003 - CONTROL NUMBER IDENTIFIER
control field OSt
005 - DATE AND TIME OF LATEST TRANSACTION
control field 20230119084042.0
008 - FIXED-LENGTH DATA ELEMENTS--GENERAL INFORMATION
fixed length control field 160201t20132011enka b 000 1 eng d
020 ## - INTERNATIONAL STANDARD BOOK NUMBER
International Standard Book Number 9781406353334
Qualifying information (paperback) :
040 ## - CATALOGING SOURCE
Original cataloging agency KML
Language of cataloging eng
Transcribing agency KML
Modifying agency NTBC
-- KH8
Description conventions ccr
041 0# - LANGUAGE CODE
Language code of text/sound track or separate title eng
042 ## - AUTHENTICATION CODE
Authentication code nbic
082 0# - DEWEY DECIMAL CLASSIFICATION NUMBER
Classification number 823.3 MCK
100 1# - MAIN ENTRY--PERSONAL NAME
Personal name McKay, Sandy,
Dates associated with a name 1959-
Relator term author
245 10 - TITLE STATEMENT
Title Mr Tripp smells a rat /
Statement of responsibility, etc. Sandy McKay ; illustrated by Ruth Paul.
260 ## - PUBLICATION, DISTRIBUTION, ETC.
Place of publication, distribution, etc. London :
Name of publisher, distributor, etc. Walker Books,
Date of publication, distribution, etc. 2013.
300 ## - PHYSICAL DESCRIPTION
Extent 63 pages :
Other physical details illustrations ;
Dimensions 19 cm.
336 ## - CONTENT TYPE
Content type term text
Source rdacontent.
336 ## - CONTENT TYPE
Content type term still image
Source rdacontent.
337 ## - MEDIA TYPE
Media type term unmediated
Source rdamedia.
338 ## - CARRIER TYPE
Carrier type term volume
Source rdacarrier.
490 1# - SERIES STATEMENT
Series statement Walker stories.
520 ## - SUMMARY, ETC.
Summary, etc. Room Five's teacher, Mr Tripp, is good at telling jokes, loves riddles and is great at using his nose. When a student's pet rat escapes from its cage, it's up to Mr Tripp to be brave, and to smell it out! Three fun and engaging stories which will have early readers eagerly turning the page for more adventures.
521 ## - TARGET AUDIENCE NOTE
Target audience note Ages 4-8.
650 #0 - SUBJECT ADDED ENTRY--TOPICAL TERM
Topical term or geographic name entry element Teachers
Form subdivision Juvenile fiction.
650 #0 - SUBJECT ADDED ENTRY--TOPICAL TERM
Topical term or geographic name entry element Schools
Form subdivision Juvenile fiction.
655 #7 - INDEX TERM--GENRE/FORM
Genre/form data or focus term Children's stories, New Zealand.
Source of term lcsh.
700 1# - ADDED ENTRY--PERSONAL NAME
Personal name Paul, Ruth.
Relator term illustrator
830 #0 - SERIES ADDED ENTRY--UNIFORM TITLE
Uniform title Walker stories.
942 ## - ADDED ENTRY ELEMENTS (KOHA)
Source of classification or shelving scheme
Koha item type Books - Non Ficton
Holdings
Withdrawn status Lost status Source of classification or shelving scheme Damaged status Not for loan Collection code Permanent Location Current Location Shelving location Date acquired Total Checkouts Total Renewals Full call number Barcode Date last seen Date last checked out Price effective from Koha item type
          Non-Fiction KH8 Primary School Library KH8 Primary School Library Non Fiction 2023-01-19 5 2 823.3 MCK KHPL000003448 2025-12-05 2025-11-10 2023-01-19 Books - Non Ficton

Powered By KH8 IT Dept